Представление документа в формате MARC21

Поле Инд. ПП Название Значение
Тип записи a
Библиографический уровень m
001 Контрольный номер daac6dba7d52423ea778e2f98c314708
005 Дата корректировки 20260225093207.6
084 a Индекс другой классификации/Индекс ББК 3
091 i Возрастная адресация (DOS) 12+
097 b Оператор Кондратьева
245 10 a Заглавие Наука и техника для юных инженеров
n Номер части/ раздела 1
260 c Дата издания 2026
900 a Имя макрообъекта 0000003906991
901 t Тип документа s